LDR 01033naa#a2200169#i#450# 001 RU\\bibl\126921 005 20260703001027.5 011 ## _a2227-1171 100 ## _a20260630b2026####ek#y0rusy0150####ca 102 ## _aRU 200 1# _aФЕНОМЕН «ТЕНЕВОГО ПРЕДПРИНИМАТЕЛЬСТВА»: ОСОБЕННОСТИ ЛИЧНОСТИ ПРЕСТУПНИКА, СОВЕРШАЮЩЕГО ПРЕСТУПЛЕНИЯ, СВЯЗАННЫЕ С НЕЗАКОННЫМ ИСПОЛЬЗОВАНИЕМ ДОКУМЕНТОВ В ПРЕДПРИНИМАТЕЛЬСКОЙ ДЕЯТЕЛЬНОСТИ _eЖурнальная статья 210 1# _aКазань _cКазанский юридический институт МВД России _d2026 215 ## _a6 с. 608 ## _aЖурнальная статья _2local 675 ## _aУголовное право. Уголовное судопроизводство. Криминология. Криминалистика. 343 _z 700 #1 _aНазмеева _gЛейсан Рафиковна 856 4# _avestnikkui.ru _u